Представление документа в формате MARC21

ПолеНазваниеЗначение
  Тип записи a
  Библиографический уровень m
001 Контрольный номер RU/URAIT/590324
005 Дата корректировки 20260429163620.0
008 Кодируемые данные 260429s2026 RU y f j 000 0 rus u
020 Индекс ISBN __
a ISBN 978-5-534-16808-2
c Цена, тираж 2689.00
040 Источник каталогиз. __
a Служба первич. каталог. ИКО Юрайт
c Служба, преобразующая запись ИКО Юрайт
e Правила каталог. RCR
041 Код языка издания __
a Код языка текста rus
044 Код страны публикации __
a Код страны публикации RU
080 Индекс УДК __
a Индекс УДК 630(075.8)
084 Индекс другой классификации/Индекс ББК __
2 Источник индекса rubbk
a Индекс другой классификации/Индекс ББК 40.72я73
100 Автор __
a Автор Силаев Г. В.
q Полное имя Силаев Геннадий Владимирович
245 Заглавие __
a Заглавие Машины и механизмы в лесном и лесопарковом хозяйстве
b Продолж. заглавия учебник для спо
c Ответственность Г. В. Силаев.
250 Сведения об издании __
a Основные сведения об издании 2-е изд.
256 Характеристики компьютерного файла __
a Характеристики компьютерного файла Электрон. дан.
260 Выходные данные __
a Место издания Москва
b Издательство Юрайт
c Дата издания 2026
300 Физическое описание __
a Объем 532 с
440 Серия __
a Серия Профессиональное образование
500 Примечания __
a Примечание URL: https://urait.ru/bcode/590324 (дата обращения: 29.04.2026).
520 Аннотация __
a Аннотация В настоящем учебнике приведены общие сведения, описание и подробные технические характеристики практически всех групп машин, используемых в лесном хозяйстве. Учебник поможет получить необходимые навыки по более правильному подбору машин и механизмов в различных лесорастительных условиях с эффективным их использованием. На данный момент ряд технических средств, которые приводятся в учебнике, устарели, заменены на новые модели. Однако это существенно не влияет на процесс обучения, и произошедшие нововведения при необходимости могут быть учтены преподавателями. В первой части учебника рассмотрены тракторы и автомобили, а также технологические машины, предназначенные для работ от подготовки вырубок к посадке и обработки почвы до посева. Во второй части учебника представлены машины и механизмы для посадки, ухода за лесом, мелиоративных и дорожных работ и пр. Завершающая глава посвящена машиноиспользованию.
538 Прим. о системных особенностях __
a Прим. о системных особенностях Режим доступа: Электронно-библиотечная система Юрайт, для авториз. пользователей
653 Ключевые слова __
a Ключевые слова Машины, машиностроение и приборостроение
653 Ключевые слова __
a Ключевые слова Технические науки
653 Ключевые слова __
a Ключевые слова Машины и механизмы в лесном и лесопарковом хозяйстве
653 Ключевые слова __
a Ключевые слова Комплектование машинно-тракторного агрегата для выполнения сельскохозяйственных работ
653 Ключевые слова __
a Ключевые слова Основы устройства тракторов и автомобилей
653 Ключевые слова __
a Ключевые слова Подготовка тракторов, сельскохозяйственных машин и механизмов к работе
653 Ключевые слова __
a Ключевые слова Назначение и общее устройство тракторов, автомобилей, сельскохозяйственных машин и механизмов
653 Ключевые слова __
a Ключевые слова Назначение и общее устройство тракторов, автомобилей и сельскохозяйственных машин
653 Ключевые слова __
a Ключевые слова Подготовка тракторов и сельскохозяйственных машин и механизмов к работе
653 Ключевые слова __
a Ключевые слова Основы управления тракторами и тягачами при подготовке лесосек, трелевке и вывозке леса
653 Ключевые слова __
a Ключевые слова Система технического обслуживания тракторов и технологического оборудования в лесопромышленном комплексе
653 Ключевые слова __
a Ключевые слова Общее устройство тракторов и автомобилей
653 Ключевые слова __
a Ключевые слова Техническая эксплуатация дорожных машин, автомобилей и тракторов
653 Ключевые слова __
a Ключевые слова Тракторист - машинист сельскохозяйственного производства
653 Ключевые слова __
a Ключевые слова Теоретические основы подготовки тракториста машиниста сельского хозяйства
653 Ключевые слова __
a Ключевые слова Трактора и автомобили
856 Электронный адрес документа 40
n Местонахождение сервера Юрайт
g Электронная книга
q Тип электронного формата html
h Имя пользователя ЮРАЙТ
v Часы доступа к ресурсу 20271231
2 Способ доступа Показать документ
x Служебное примечание https://urait.ru/book/cover/4B9D58DC-E92F-479A-A69B-1607E59BB28C
u URL https://urait.ru/bcode/590324
856 Электронный адрес документа 48
q Тип электронного формата cover
u URL https://urait.ru/book/cover/4B9D58DC-E92F-479A-A69B-1607E59BB28C
911 __
u 0030=https://urait.ru/bcode/590324
911 __
u 073a=9785534168082
u 073d=2689.00
911 __
u 106a=s
911 __
u 900l=
952 Тип литературы __
i Дисциплина Машины и механизмы в лесном и лесопарковом хозяйстве
952 Тип литературы __
i Дисциплина Комплектование машинно-тракторного агрегата для выполнения сельскохозяйственных работ
952 Тип литературы __
i Дисциплина Основы устройства тракторов и автомобилей
952 Тип литературы __
i Дисциплина Подготовка тракторов, сельскохозяйственных машин и механизмов к работе
952 Тип литературы __
i Дисциплина Назначение и общее устройство тракторов, автомобилей, сельскохозяйственных машин и механизмов
952 Тип литературы __
i Дисциплина Назначение и общее устройство тракторов, автомобилей и сельскохозяйственных машин
952 Тип литературы __
i Дисциплина Подготовка тракторов и сельскохозяйственных машин и механизмов к работе
952 Тип литературы __
i Дисциплина Основы управления тракторами и тягачами при подготовке лесосек, трелевке и вывозке леса
952 Тип литературы __
i Дисциплина Система технического обслуживания тракторов и технологического оборудования в лесопромышленном комплексе
952 Тип литературы __
i Дисциплина Общее устройство тракторов и автомобилей
952 Тип литературы __
i Дисциплина Техническая эксплуатация дорожных машин, автомобилей и тракторов
952 Тип литературы __
i Дисциплина Тракторист - машинист сельскохозяйственного производства
952 Тип литературы __
i Дисциплина Теоретические основы подготовки тракториста машиниста сельского хозяйства
952 Тип литературы __
i Дисциплина Трактора и автомобили